• 首页
  • 本馆介绍
  • 公告通知
  • 最新文献
  • 馆藏检索
  • 电子资源
  • 读者导购
  • 参考咨询
  • 我的图书馆
  • 登录
  • 详细信息显示
  • 放入我的书架
  • 预约/预借图书
  • 作者相关作品
  • 分类相关作品
  • 丛书相关作品
  • 出版社相关作品

书目信息

  • 表格格式
  • 工作单格式
  • 卡片格式
题名:
世界上最佳的感恩美文
    
 
作者: 石磊 主编
分册:  
出版信息: 武汉   华中师范大学出版社  2012.12
页数: 317页
开本: 20cm
丛书名:
单 册:
中图分类: I16
科图分类:
主题词: 散文--作品集--世界 , 文学--杂著--作品集--世界
电子资源:
ISBN: 7-5622-5782-5
000 00632nam0 2200205 450
001 2635521149
005 20260410095350.37
010    @a7-5622-5782-5@dCNY25.80
100    @a20260410d2012 km y0chiy0120 ea
101 0  @achi
102    @aCN@b420000
200 1  @a世界上最佳的感恩美文@AShi Jie Shang Zui Jia De Gan En Mei Wen@f石磊主编@FShi Lei Zhu Bian
210    @a武汉@c华中师范大学出版社@d2012.12
215    @a317页@d20cm
606 0  @a散文@x作品集@x世界
606 0  @a文学@x杂著@x作品集@x世界
690    @aI16@v4
701  0 @a石磊@AShi Lei@4主编
801  0 @aCN@b大连网信软件有限公司图书馆·11@c20260410
905    @aZUCC@dI16@eZW442
    
    世界上最佳的感恩美文/石磊主编.-武汉:华中师范大学出版社,2012.12
    317页;20cm
    
    
    ISBN 7-5622-5782-5:CNY25.80
    
●
相关链接 在E读中查询图书 在五车中查询图书 在当当中查询图书 在豆瓣中查询图书


正题名:世界上最佳的感恩美文     索取号:I16/ZW442         预约/预借

序号 登录号 条形码 馆藏地/架位号 状态 备注
1 1421783   214217836   密集书库-文学院/ [索取号:I16/ZW442] 在馆    
唐山师范学院图书馆 欢迎您!
大连网信软件有限公司© 版权所有